| 000 | 00980cam a22002535a 4500 | ||
|---|---|---|---|
| 001 | L159233 | ||
| 008 | 160321s2016 xxk f 000 0 eng d | ||
| 020 | _a9781873394809 | ||
| 035 | _a(Sirsi) u159233 | ||
| 041 | 0 | _aeng | |
| 050 | 0 | 4 | _a690.241 |
| 110 | 2 |
_aNational Trust _91987 |
|
| 245 | 0 | 0 |
_aSpecifications for Building Conservation _bVolume 1 External Structure |
| 260 |
_aArbington _bRoutledge _c2016 |
||
| 300 | _axvi, 204p, 24cm | ||
| 520 | _aInformation gathered from a range of case studies and specifications to provide a guide to specification writing for building conservation. One of a three volume set, the National Trust brings together a pool of expertise to guide conservation professional and students through the process of successful specification writing. | ||
| 590 | _aKA | ||
| 651 | 4 | _aUnited Kingdom | |
| 690 | _aConservation and restoration | ||
| 690 |
_aBuilding control _96222 |
||
| 700 | 1 | _aCullen, R | |
| 700 | 1 | _aMeier, R | |
| 942 | _n0 | ||
| 999 |
_c115754 _d115754 |
||